000
00301nam a2200109 4500
008
160630b xxu||||| |||| 00| 0 eng d
100
_9
1567
_a
Zehra Shervani, et al
245
_a
Working with Sounds Phonics
260
_a
N.D
_b
Sterling
_c
2005
300
_a
Working with Sounds Phonics
942
_2
ddc
_c
BK
999
_c
1297
_d
1297